Statistics for Most Indebted Countries A-Z

Click here to take the quiz!

General Stats

  • This quiz has been taken 63 times
  • The average score is 20 of 24

Answer Stats

CountryDebt% Correct
RRussia$537.5 billion
97%
UUnited States$18,624.0 billion
97%
OOman$20.9 billion
95%
FFrance$5,369.1 billion
93%
QQatar$159.2 billion
91%
YYemen$7.2 billion
91%
GGermany$5,141.4 billion
90%
JJapan$3,516.2 billion
90%
VVenezuela$110.9 billion
90%
ZZimbabwe$10.9 billion
90%
AAustralia$1,487.7 billion
88%
DDenmark$491.6 billion
86%
IItaly$2,324.4 billion
84%
BBelgium$1,278.5 billion
81%
HHungary$148.0 billion
81%
PPortugal$447.0 billion
81%
CCanada$1,775.9 billion
79%
MMexico$431.3 billion
76%
SSpain$2,116.0 billion
74%
TTurkey$432.4 billion
72%
NNetherlands$4,306.2 billion
67%
EEgypt$67.3 billion
62%
KKazakhstan$165.5 billion
59%
LLuxembourg$4,013.8 billion
59%

Score Distribution

Percentile by Number Answered

Percent of People with Each Score

Your Score History

You have not taken this quiz